000 00290nam a2200121 a 4500
008 110427s1971|||| d
245 1 0 _aAnglicko-český a Česko-anglický slovník
260 _aPraha
_bSPN
_c1971
020 _c54
044 _aCZ
041 _acze
100 1 _aPoldauf, Ivan
999 _c17723
_d17723